Statistics for Stupid Concepts in the United States

Click here to take the quiz!

General Stats

  • This quiz has been taken 63 times
  • The average score is 8 of 14

Answer Stats

HintAnswer% Correct
Number of parties - making elections very weird2
83%
President with 70% of his statements being false
*according to PolitiFact
Donald Trump
79%
A weapon which is forbidden in any country with common senseGun
79%
Capital (where 705,749 people live without having a voting representative)Washington D.C.
74%
Flag of a former enemy and slave advocating entity, which is still popular{Confederate} Flag
69%
Price you could theoretically pay to stay out of jail, but is much too expensive.Bail
66%
Allowing partisans to redraw election districtsGerrymandering
60%
Legal murder
conducted by the Government
Capital Punishment
53%
"Non-profit" college football association making $1.06 billion, but not paying playersNCAA
45%
Lack of this causes old people to be poor.Pension
45%
A mile is ... feet5,280
43%
Tool of the senate to stop any constitutional change whatsoever.Filibuster
41%
Law allowing you to defend yourself and your property with all force you see fit{Stand}-{your}-{ground} law
41%
Giving police access to snipers, machine guns, grenade launchers and tanksPolice Militarization
7%

Score Distribution

Percentile by Number Answered

Percent of People with Each Score

Your Score History

You have not taken this quiz